000 02316nam0a2200361 i 4500
001 RU\NLR\bibl\2059574
005 20240921135000.0
021 _aRU
_b2013-52635
_93653
035 _a(nilc)RuMoRGB-006608013
035 _a(NLR Aleph) 002046350
090 _a4620393
_c4620393
100 _a20130708d2012 u y0rusy50 ca
101 0 _arus
102 _aRU
105 _aa zzzz|||||
200 1 _aИнформационные технологии в менеджменте
_eпроектирование информационной системы с использованием СУБД, Конфигуратора "1С: Предприятие", Дизайнера отчетов "БЭСТ 5", аналитической платформы Deductor Studio Pro : учебное пособие для студентов высших учебных заведений, обучающихся по направлению подготовки 080200 Менеджмент
_fВ.И. Карпузова, Э.Н. Скрипченко, К.В. Чернышева, Н.В. Карпузова
_gМ-во сел. хоз-ва Рос. Федерации, Рос. гос. аграр. ун-т - МСХА им. К.А. Тимирязева, Каф. экон. кибернетики
210 _aМосква
_cИзд-во РГАУ-МСХА
_d2012
215 _a274 с.
_cил.
_d21
320 _aБиблиогр.: с. 236 (9 назв.)
606 1 _aМенеджмент
_jУчебные издания для высших учебных заведений
_xИнформационное обеспечение
_91565574
_3RU\NLR\auth\66985334
686 _aУ21(2)030.2я73
701 1 _aКарпузова
_bВ. И.
_gВера Ивановна
_4070
701 1 _aСкрипченко
_bЭ. Н.
_gЭльвира Николаевна
_4070
701 1 _4070
_7ca
_8rus
_aЧернышева
_bК. В.
_cканд. экон. наук
_gКира Владимировна
_964970
_3RU\NLR\AUTH\7782042
701 1 _aКарпузова
_bН. В.
_gНадежда Васильевна
_4070
801 0 _aRU
_bRuMoRKP
_c20130708
_gRCR
801 2 _aRU
_bРГБ
_c20130726
_grcr
801 1 _aRU
_bRuMoRKP
_c20130708
_2rusmarc
801 2 _aRU
_bNLR
_c20130802
_grcr
942 _cBOOK
980 _aNBR